One Word Movie Titles #8 - Statistics

General Stats
  • This quiz has been taken 387 times
  • The average score is 12 of 30
Answer Stats
Hint Answer % Correct
Disney's fairy tale of a wooden boy who comes to life Pinocchio
90%
A young elephant is assisted by a mouse to achieve his full potential. Dumbo
86%
A man raised at the North Pole is sent to discover his true identity. Elf
72%
A St. Bernard is the darling of his family, but his vet secretly wants to kill him. Beethoven
65%
College students learn to cheat the tables in Vegas. 21
60%
Juliette Binoche opens a sweet shop in a small French village and romances Johnny Depp. Chocolat
59%
The last surviving child of the Russian royal family avoids the murderous Rasputin in this animated film. Anastasia
53%
Ben Stiller is brainwashed to kill the Prime Minister of Malaysia. Zoolander
52%
A time-travelling hitman is assigned to kill his future self. Looper
50%
A board game comes to life when a fleet of ships is forced to do battle with an unknown armada. Battleship
49%
Jane Austen's classic tale of a rich woman who can match-make everyone but herself. Emma
48%
The film widely believed to have ended Jennifer Lopez and Ben Affleck's relationship. Gigli
48%
A prodigy girl and her teacher fight the worst parents and school principal ever. Matilda
45%
A boy told he was too small for football fulfills his dream of playing for Notre Dame. Rudy
43%
The story of the Oakland A's success in using a computer to analyze new players. Moneyball
41%
A demon grows up to become a defender against the forces of darkness. Hellboy
38%
The film version of the Tony winning musical about Bohemians in the East Village. Rent
34%
Two teenagers are sucked into a 1950s sitcom, where they turn the seemingly-idyllic world on its ear. Pleasantville
33%
Mel Gibson's story of a young man captured for human sacrifice who flees the Mayan empire. Apocalypto
32%
A burlesque entertainer romances two Germans while the Nazi Party rises to power Cabaret
32%
A band director recruits a Harlem street drummer to play at his Southern university. Drumline
28%
Travolta, Jackman, Berry and Cheadle team to steal billions in US Government dirty money. Swordfish
26%
Jean Claude Van Damme trains to participate in the Kumite martial arts tournament. Bloodsport
25%
James Bond uncovers an international jewel-smuggling operation being used to disguise an attack on NATO forces. Octopussy
22%
Seven strangers are placed in a 3D maze containing deadly traps. Cube
18%
A psychiatrist wakes as a patient in her own asylum with no memory of why she is there or what she has done. Gothika
12%
A desperate movie producer fails to get a star for his film, so he covertly shoots the film around him. Bowfinger
8%
A young computer genius uncovers a plot to release a dangerous computer virus. Hackers
7%
A dead man pleads to return to Earth for one day to try to right the wrongs he caused in his life. Carousel
1%
A frontier family joins the Oklahoma land rush in 1889 and builds a newspaper empire. Cimarron
0%
No matching quizzes found
Score Distribution
Percent of People with Each Score
Percentile by Number Answered
Your Score History
You have not taken this quiz